Normal view MARC view
  • DHAWAN, DR.S.N. AND KHETERPAL, DR .S.C

Entry Personal Name

Number of records used in: 2

001 - CONTROL NUMBER

  • control field: 8495

003 - CONTROL NUMBER IDENTIFIER

  • control field: JRU

005 - DATE AND TIME OF LATEST TRANSACTION

  • control field: 20240902112628.0

008 - FIXED-LENGTH DATA ELEMENTS

  • fixed length control field: 240902|| aca||aabn | a|a d

040 ## - CATALOGING SOURCE

  • Original cataloging agency: JRU
  • Transcribing agency: JRU

100 ## - HEADING--PERSONAL NAME

  • Personal name: DHAWAN, DR.S.N. AND KHETERPAL, DR .S.C

670 ## - SOURCE DATA FOUND

  • Source citation: Work cat.: (JRU)8627: DHAWAN, DR.S.N. AND KHETERPAL, DR .S.C., PRADEEP'S NEW COURSE CHEMISTRY [VOL-2] CLASS XI [ VOL-1]